000 00729nam a2200181Ia 4500
008 090201s9999 xx 000 0 und d
010 _aKPL-65860
040 _bमराठी
041 _aमराठी
082 _a2408
_b65860
100 _aसंजय गाला
245 _aस्वत:च स्वत:चे डॉक्टर बनण्यासाठी अॅक्युप्रेशर
_cसंजय गाला
250 _a1
260 _c1990
_bजे एस् गाला प्रकाशन
300 _a160
_bमध्यम
600 _aस्वत:च स्वत:चे डॉक्टर बनण्यासाठी अॅक्युप्रेशर
942 _cBOOK
999 _c203502
_d203502